|
|
|
|
| LEADER |
00000nam0a2200000 4500 |
| 001 |
139850 |
| 005 |
20231031141856.0 |
| 010 |
|
|
|a 503000761X
|
| 035 |
|
|
|a (RuTPU)RU\TPU\book\151497
|
| 090 |
|
|
|a 139850
|
| 100 |
|
|
|a 20080611d1988 k y0rusy50 ca
|
| 101 |
1 |
|
|a rus
|c eng
|
| 102 |
|
|
|a RU
|
| 105 |
|
|
|a a z 001zy
|
| 200 |
1 |
|
|a Волны и поля в оптоэлектронике
|e пер. с англ.
|f Х. Хаус
|g пер. К. Ф. Шипилова
|
| 210 |
|
|
|a Москва
|c Мир
|d 1988
|
| 215 |
|
|
|a 432 с.
|c ил.
|
| 320 |
|
|
|a Библиогр. в конце гл.
|
| 320 |
|
|
|a Предм. указ.: с. 423-426.
|
| 610 |
1 |
|
|a оптоэлектроника
|
| 610 |
1 |
|
|a волны
|
| 610 |
1 |
|
|a поля
|
| 610 |
1 |
|
|a однородные среды
|
| 610 |
1 |
|
|a уравнения Максвелла
|
| 610 |
1 |
|
|a плоские волны
|
| 610 |
1 |
|
|a отражение
|
| 610 |
1 |
|
|a зеркала
|
| 610 |
1 |
|
|a интерферометры
|
| 610 |
1 |
|
|a дифракция Френеля
|
| 610 |
1 |
|
|a эрмит-гауссовы пучки
|
| 610 |
1 |
|
|a оптические волокна
|
| 610 |
1 |
|
|a волноводные слои
|
| 610 |
1 |
|
|a резонаторы
|
| 610 |
1 |
|
|a ответвители
|
| 610 |
1 |
|
|a акустооптические модуляторы
|
| 610 |
1 |
|
|a нелинейные явления
|
| 610 |
1 |
|
|a электрооптические модуляторы
|
| 610 |
1 |
|
|a нелинейная оптика
|
| 610 |
1 |
|
|a оптические сигналы
|
| 610 |
1 |
|
|a регистрация
|
| 675 |
|
|
|a 621.383
|v 3
|
| 700 |
|
1 |
|a Хаус
|b Х.
|g Херманн
|
| 702 |
|
1 |
|a Шипилов
|b К. Ф.
|4 730
|
| 801 |
|
1 |
|a RU
|b 63413507
|c 20080611
|g PSBO
|
| 801 |
|
2 |
|a RU
|b 63413507
|c 20150608
|g PSBO
|
| 942 |
|
|
|c BK
|